[Event "Solingen op"]
[Site "Solingen"]
[Date "2000.09.22"]
[Round "2"]
[White "Fuellbeck, Frank"]
[Black "Bosbach, Jens"]
[Result "0-1"]
[WhiteElo "1636"]
[BlackElo "1861"]
[PlyCount "98"]
[EventDate "2000.09.08"]
[EventType "swiss"]
[EventRounds "7"]
[EventCountry "GER"]
[SourceTitle "EXT 2005"]
[Source "ChessBase"]
[SourceDate "2004.11.15"]
[SourceVersion "1"]
[SourceVersionDate "2004.11.15"]
[SourceQuality "1"]

1. e4 c6 2. d4 d5 3. Nc3 dxe4 4. Nxe4 Nf6 5. Nxf6+ exf6 6. Nf3 Bd6 7. Bd3 0-0 8. 0-0 Qc7 9. c4 Bg4 10. h3 Bh5 11. Bc2 Nd7 12. Re1 Rfe8 13. Be3 Nf8 14. a3 Ne6 15. Qd3 Bg6 16. Qd2 Bxc2 17. Qxc2 Bf4 18. Rad1 Bxe3 19. fxe3 Rad8 20. b4 Qg3 21. Qf2 Qxf2+ 22. Kxf2 Nc7 23. a4 a6 24. a5 Re7 25. Nd2 Ne6 26. Nb3 Ng5 27. Nc5 Ne4+ 28. Nxe4 Rxe4 29. Kf3 Rde8 30. Rd3 f5 31. Rc1 g5 32. g4 fxg4+ 33. hxg4 Kg7 34. d5 cxd5 35. cxd5 Rxb4 36. d6 Rd8 37. d7 Kf8 38. Rc5 f6 39. Rc8 Ke7 40. Rxd8 Kxd8 41. Rd6 Rb5 42. Rxf6 Rxa5 43. Rf8+ Kxd7 44. Rf7+ Kc6 45. Rf6+ Kc5 46. Rf5+ Kb4 47. e4 Rxf5+ 48. gxf5 Kc5 49. f6 Kd6 0-1

[Event "Solingen op"]
[Site "Solingen"]
[Date "2000.09.08"]
[Round "1"]
[White "Goerke, Joachim"]
[Black "Fuellbeck, Frank"]
[Result "1-0"]
[WhiteElo "2039"]
[BlackElo "1636"]
[PlyCount "45"]
[EventDate "2000.09.08"]
[EventType "swiss"]
[EventRounds "7"]
[EventCountry "GER"]
[SourceTitle "EXT 2005"]
[Source "ChessBase"]
[SourceDate "2004.11.15"]
[SourceVersion "1"]
[SourceVersionDate "2004.11.15"]
[SourceQuality "1"]

1. d4 d5 2. c4 e6 3. Nc3 Nf6 4. Nf3 Be7 5. Bg5 Nc6 6. e3 0-0 7. Rc1 a5 8. a3 Ne4 9. Bf4 Nxc3 10. Rxc3 Bd6 11. Bg3 Bxg3 12. hxg3 Ne7 13. Bd3 Ng6 14. Ne5 h6 15. Bxg6 fxg6 16. Nxg6 Rf6 17. Ne5 Qf8 18. f4 dxc4 19. Rxc4 Qd6 20. Qc2 c6 21. g4 Bd7 22. g5 hxg5 23. Qh7+ 1-0